000 00283nam a22001217a 4500
082 _a900
_bCHO/I
100 _aCHOPRA, P.N
245 _aINDIA'S STRUGGLE FOR FREEDOM
260 _aDELHI
_bOUBLICATIONS DIVISION
_c1984
300 _a69
650 _aHISTORY REFERENCE
_zINDIA
942 _cBK
999 _c1598
_d1598